000 01242cam a2200361Ma 4500
999 _c33117
_d33117
003 BJBSDDR
005 20230410105247.0
007 ta
008 031002s1999 fr 000 0 fre d
020 _a2746701634
020 _a9782746701632
035 _a(OCoLC)ocn423437091
035 _a(OCoLC)423437091
040 _aU9S
_bfre
_cU9S
041 0 _afreeng
050 1 4 _aU 39
_bB627g 1999
082 0 0 _a355.02
100 1 _aBlack, Jeremy,
_d1955-
245 1 3 _aLa guerre au XVIIIe siecle /
_cJeremy Black ; traduit de l'anglais et revu par Jacques Vernet.
260 _aParis :
_bEditions Autrement,
_c1999.
300 _a223 p. :
_bill. ;
_c28 cm.
440 0 _aCollection Atlas des guerres
650 0 _aMilitary art and science
_xHistory
_y18th century.
650 0 _aMilitary history, Modern
_y18th century.
650 6 _aHistoire militaire moderne et contemporaine
_y18e siáecle.
650 6 _aArt et science militaires
_xHistoire
_y18e siáecle.
650 4 _aHistoria militar moderna
_ySiglo XVIII
_91818
650 4 _aCiencia militar
_xHistoria
_ySiglo XVIII
_919017
700 1 _aVernet, Jacques,
_d1926-2019
_etraductor
_919018
765 0 _aWarfare in the eighteenth century
942 _2lcc
_cBK
946 _aog